LEADER 04202nam 22006255 450 001 996543160303316 005 20240220143802.0 010 $a1-5261-4817-X 035 $a(CKB)5600000000079940 035 $a(DE-B1597)658804 035 $a(DE-B1597)9781526148179 035 $a(EXLCZ)995600000000079940 100 $a20230918h20212021 fg 101 0 $aeng 135 $aur||#|||||||| 181 $ctxt$2rdacontent 182 $cc$2rdamedia 183 $acr$2rdacarrier 200 00$aPost-everything $eAn intellectual history of post-concepts / /$fed. by Herman Paul, Adriaan van Veldhuizen 210 1$aManchester : :$cManchester University Press,$d[2021] 210 4$d©2021 215 $a1 online resource $c4 black & white illustrations 311 $a1-5261-4819-6 327 $tFront Matter --$tContents --$tList of figures --$tNotes on contributors --$tAcknowledgements --$tIntroduction --$tPart I: The emergence of a prefix (1930s-1960s) --$t1 'Our post-Christian age' --$t2 The post-secular in post-war American religious history --$t3 Defining the old, creating the new --$t4 The death and rebirth of 'postcapitalist society' --$tPart II: 'Post' rising to prominence (1970s-1990s) --$t5 Post-Keynesian --$t6 Lost in the post --$t7 The 'post' in literary postmodernism --$t8 From political reference to self-narration --$t9 The tradition of post-tradition --$tPart III: Contemporary post-constructions (2000s-present) --$t10 Busting the 'post'? --$t11 Posthumanism and the 'posterizing impulse' --$tEpilogue --$tIndex 330 $aThis electronic version has been made available under a Creative Commons (BY-NC-ND) open access license. Postmodern, postcolonial and post-truth are broadly used terms. But where do they come from? When and why did the habit of interpreting the world in post-terms emerge? And who exactly were the 'post boys' responsible for this?Post-everything examines why post-Christian, post-industrial and post-bourgeois were terms that resonated, not only among academics, but also in the popular press. It delves into the historical roots of postmodern and poststructuralist, while also subjecting more recent post-constructions (posthumanist, postfeminist) to critical scrutiny.This study is the first to offer a comprehensive history of post-concepts. In tracing how these concepts found their way into a broad range of genres and disciplines, Post-everything contributes to a rapprochement between the history of the humanities and the history of the social sciences. 610 $aConceptual history. 610 $aHistoricism. 610 $aIntellectual history. 610 $aPerformativity. 610 $aPost-colonialism. 610 $aPost-concepts. 610 $aPost-truth. 610 $aPostmodernism. 610 $aPrefixes. 610 $aTransnationalism. 702 $aBackhouse$b Roger E.$4ctb$4https://id.loc.gov/vocabulary/relators/ctb 702 $aBaring$b Edward$4ctb$4https://id.loc.gov/vocabulary/relators/ctb 702 $aBertens$b Hans$4ctb$4https://id.loc.gov/vocabulary/relators/ctb 702 $aBrick$b Howard$4ctb$4https://id.loc.gov/vocabulary/relators/ctb 702 $aGaston$b K. Healan$4ctb$4https://id.loc.gov/vocabulary/relators/ctb 702 $aGenz$b Stéphanie$4ctb$4https://id.loc.gov/vocabulary/relators/ctb 702 $aJansen$b Yolande$4ctb$4https://id.loc.gov/vocabulary/relators/ctb 702 $aLeeuwenkamp$b Jasmijn$4ctb$4https://id.loc.gov/vocabulary/relators/ctb 702 $aPaul$b Herman$4ctb$4https://id.loc.gov/vocabulary/relators/ctb 702 $aPaul$b Herman$4edt$4http://id.loc.gov/vocabulary/relators/edt. 702 $aSartori$b Andrew$4ctb$4https://id.loc.gov/vocabulary/relators/ctb 702 $aTurner$b Stephen$4ctb$4https://id.loc.gov/vocabulary/relators/ctb 702 $aUrricelqui$b Leire$4ctb$4https://id.loc.gov/vocabulary/relators/ctb 702 $aVeldhuizen$b Adriaan van$4edt$4http://id.loc.gov/vocabulary/relators/edt. 702 $avan Veldhuizen$b Adriaan$4ctb$4https://id.loc.gov/vocabulary/relators/ctb 801 0$bDE-B1597 801 1$bDE-B1597 906 $aBOOK 912 $a996543160303316 997 $aUNISA LEADER 03557nam 22006735 450 001 9910760251603321 005 20251009082134.0 010 $a9783031464027 010 $a3031464028 024 7 $a10.1007/978-3-031-46402-7 035 $a(MiAaPQ)EBC30878254 035 $a(Au-PeEL)EBL30878254 035 $a(CKB)28806318700041 035 $a(OCoLC)1409531524 035 $a(DE-He213)978-3-031-46402-7 035 $a(EXLCZ)9928806318700041 100 $a20231109d2023 u| 0 101 0 $aeng 135 $aurcnu|||||||| 181 $ctxt$2rdacontent 182 $cc$2rdamedia 183 $acr$2rdacarrier 200 10$aData Enclaves /$fby Kean Birch 205 $a1st ed. 2023. 210 1$aCham :$cSpringer Nature Switzerland :$cImprint: Palgrave Macmillan,$d2023. 215 $a1 online resource (146 pages) 225 0 $aSocial Sciences Series 311 08$aPrint version: Birch, Kean Data Enclaves Cham : Palgrave Macmillan,c2023 9783031464010 327 $a1 Introduction -- 2 What is Big Tech? -- 3 The Rise of Data Rentiership -- 4 Emerging Data Enclaves -- 5 Monopoly, Competition, and Emergent Data -- 6 A New Policy Agenda for Data Governance. 330 $aThis book focuses on our increasing dependence upon Big Tech to live, manage, and enjoy our lives. The author examines how we freely exchange our personal data for access to online platforms, services, and devices without proper consideration of the implications of this trade. Our personal data is the defining resource of the emerging digital economy, and it is increasingly concentrated in a few data enclaves controlled by Big Tech firms, cementing an increasingly parasitic form of technoscientific innovation. Big Tech controls access to these data, dictates the terms of our use of their services and products, and controls the future development of key technologies like artificial intelligence. The contention of this book is that we need to rethink our political and policy approach to data governance and to do so requires unpacking the peculiarities of personal data and how personal data are transformed into a valuable asset. Kean Birch is Director of the Institutefor Technoscience & Society and Professor in the Science & Technology Studies Graduate Program at York University, Canada. He has been a Visiting Scholar at Copenhagen Business School and the Munich Center for Technology & Society, Technical University Munich. He is especially interested in understanding how different things are transformed into assets and what this means for our increasingly technoscientific economies and societies. 606 $aScience$xSocial aspects 606 $aEconomics 606 $aPolitical science 606 $aSociology 606 $aHuman geography 606 $aScience and Technology Studies 606 $aPolitical Economy and Economic Systems 606 $aPolitical Science 606 $aSociology 606 $aHuman Geography 615 0$aScience$xSocial aspects. 615 0$aEconomics. 615 0$aPolitical science. 615 0$aSociology. 615 0$aHuman geography. 615 14$aScience and Technology Studies. 615 24$aPolitical Economy and Economic Systems. 615 24$aPolitical Science. 615 24$aSociology. 615 24$aHuman Geography. 676 $a303.4833 700 $aBirch$b Kean$0905131 801 0$bMiAaPQ 801 1$bMiAaPQ 801 2$bMiAaPQ 906 $aBOOK 912 $a9910760251603321 996 $aData Enclaves$93598029 997 $aUNINA